00326nam a2200133Ia 4500003000400000008004100004040001600045082001300061100001600074245003200090260004400122300001000166650001600176GCL140319s9999 xx 000 0 eng d aGCL / cGCL04a770bD P1 aDAVIS, PHIL10aPHOTOGRAPHY / cDAVIS, PHIL a[S.N] : bBROWN AND BENCHMARK ، c1995 a440 P04aPHOTOGRAPHY